The protein counter

Bibliographic Details
Main Author: Natow, Annette B
Other Authors: Heslin, Jo-Ann
Format: Book
Language:English
Published: New York Pocket Books 2003
Edition:2nd ed.
Subjects:
LEADER 00599cam a2200205 a 4500
001 0000132593
005 20120529090000.0
040 |a mod 
041 |a eng 
020 |a 0743464346 
090 0 0 |a 641.1042  |b NAT  |e 2003 
100 1 |a Natow, Annette B 
245 1 4 |a The protein counter  |c Annette B. Natow and Jo-Ann Heslin 
250 |a 2nd ed. 
260 |a New York  |b Pocket Books  |c 2003 
300 |a 487 p.  |c 18 cm 
650 0 0 |a Food  |x Protein content  |x Tables 
700 1 |a Heslin, Jo-Ann 
852 0 0 |a 01 
999 |a B000019098  |b PU SUBANG (TUDM SUBANG)  |d BOOKS  |e Umum  |f PU Subang (TUDM Subang)  |j AVAILABLE  |q GOOD CONDITION